书目信息 |
| 题名: |
神话选译百题
|
|
| 作者: | 袁珂 选编 | |
| 分册: | ||
| 出版信息: | 上海 上海古籍出版社 1980.8 |
|
| 页数: | 296页 | |
| 开本: | 20cm | |
| 丛书名: | ||
| 单 册: | ||
| 中图分类: | I276.5 | |
| 科图分类: | ||
| 主题词: | 民间文学--中国 | |
| 电子资源: | ||
| ISBN: | ||
| 000 | 00555nam0 2200193 45 | |
| 001 | 0312221749 | |
| 005 | 20070710082412.21 | |
| 010 | @dCNY0.76 | |
| 011 | @a10186.186 | |
| 100 | @a20031222d1980 km y0chiy0120 ea | |
| 101 | @achi | |
| 200 | 1 | @a神话选译百题@AShen Hua Xuan Yi Bai Ti@f袁珂选编@FYuan Ke Xuan Bian |
| 210 | @a上海@c上海古籍出版社@d1980.8 | |
| 215 | @a296页@d20cm | |
| 606 | 0 | @a民间文学@x中国 |
| 690 | @aI276.5@v3 | |
| 701 | 0 | @a袁珂@4选编 |
| 801 | @aCN@bTSTCL@c20070710 | |
| 905 | @dI276.5@e16@f1@b32870@b75072@f1@b75074@f1@b32876@f1@b32881@f1 | |
| 神话选译百题/袁珂选编.-上海:上海古籍出版社,1980.8 |
| 296页;20cm |
| ISBN :CNY0.76 |
| ● |
| 相关链接 |
|
|
|
|
正题名:神话选译百题
索取号:I276.5/16
 
预约/预借
| 序号 | 登录号 | 条形码 | 馆藏地/架位号 | 状态 | 备注 |
| 1 | 0032870 | 000037310 | 密集书库/ [索取号:I276.5/16] | 在馆 | |
| 2 | 0032876 | 000037338 | 密集书库/ [索取号:I276.5/16] | 在馆 | |
| 3 | 0032881 | 000037329 | 第二借阅区/ [索取号:I276.5/16] | 在馆 | |
| 4 | 0075072 | 000037365 | 密集书库/ [索取号:I276.5/16] | 在馆 | |
| 5 | 0075074 | 000037356 | 第二借阅区/ [索取号:I276.5/16] | 在馆 | |
| 6 | 0075075 | 000037301 | 第一样本阅览室/ [索取号:I276.5/16] | 在馆 | |
| 7 | 0472373 | 204723736 | 密集书库/ [索取号:I276.5/16] | 在馆 | |
| 8 | 0472374 | 204723745 | 密集书库/ [索取号:I276.5/16] | 在馆 | |
| 9 | 0768367 | 207683675 | 密集书库/ [索取号:I276.5/16] | 在馆 |